| 000 | 00570nam a2200229 a 4500 | ||
|---|---|---|---|
| 001 | nice12345678 | ||
| 003 | IN_TiNIC | ||
| 005 | 20260116012700.0 | ||
| 008 | 050524s1983 naga grp 000 0 eng | ||
| 020 |
_a _c10 |
||
| 082 | 0 | 0 |
_a270 _bSPC |
| 245 | _aExperiments in Christian Unity, Ncci Study Booklet | ||
| 260 |
_aNagpur _bNational Christian Council & Christian M _c1983 |
||
| 300 | _a56p | ||
| 500 | _aincludes index and biblioraphy | ||
| 505 | 2 | _aIndex | |
| 650 | _aChurch-History | ||
| 710 | 2 | _aSpck | |
| 902 | _bSRS | ||
| 942 | _cBK | ||
| 999 |
_c7932 _d7932 |
||